• 首页
  • 本馆介绍
  • 公告通知
  • 最新文献
  • 馆藏检索
  • 电子资源
  • 读者导购
  • 参考咨询
  • 我的图书馆
  • 登录
  • 详细信息显示
  • 放入我的书架
  • 预约/预借图书
  • 作者相关作品
  • 分类相关作品
  • 丛书相关作品
  • 出版社相关作品

书目信息

  • 表格格式
  • 工作单格式
  • 卡片格式
题名:
女王之死
    
 
作者: 杜宣莹 著
分册:  
出版信息: 北京   社会科学文献出版社  2022
页数: 417页
开本: 22cm
丛书名: 启微书系
单 册:
中图分类: K561.3 , K561.3
科图分类:
主题词:
电子资源:
ISBN: 978-7-5201-9733-5
000 01178nam0 2200265 450
001 2237480976
005 20220922102523.14
010    @a978-7-5201-9733-5@b精装@dCNY79.00
100    @a20220617d2022 em y0chiy50 ea
101 0  @achi
102    @aCN@b110000
105    @aa z 000yy
200 1  @a女王之死@9nv wang zhi si@e伊丽莎白一世时期的权力政治(1568-1590)@dThe death of the queen@ethe power politics in the Mid-Elizabethan regime, 1568-1590@f杜宣莹著@zeng
210    @a北京@c社会科学文献出版社@d2022
215    @a417页@c图@d22cm
225 1  @a启微书系
330    @a本书作者从信息控制的视角审视1587年苏格兰玛丽女王的死刑运作与事后的政治余波,层层解析伊丽莎白一世统治盛世表象下的多重权力危机:信息渠道的被动、党争制衡的失灵、女性宫廷的政治边缘化,以及男性官僚对女主统治的焦虑和抵制,认为信息控制下的权力流动将重新诠释近代早期英格兰的君臣秩序与政权转型。
461  0 @12001 @a启微书系
510 1  @aDeath of the queen@ethe power politics in the Mid-Elizabethan regime, 1568-1590@zeng
607    @a英国@x中世纪史@x研究
690    @aK561.3@v5
690    @aK561.3@v4
701  0 @a杜宣莹@9du xuan ying@4著
801  0 @aCN@b91MARC@c20220620
905    @aZUCC@dK561.3@e1
    
    女王之死:伊丽莎白一世时期的权力政治(1568-1590)=The death of the queen:the power politics in the Mid-Elizabethan regime, 1568-1590/杜宣莹著.-北京:社会科学文献出版社,2022
    417页:图;22cm.-(启微书系)
    
    
    ISBN 978-7-5201-9733-5(精装):CNY79.00
    本书作者从信息控制的视角审视1587年苏格兰玛丽女王的死刑运作与事后的政治余波,层层解析伊丽莎白一世统治盛世表象下的多重权力危机:信息渠道的被动、党争制衡的失灵、女性宫廷的政治边缘化,以及男性官僚对女主统治的焦虑和抵制,认为信息控制下的权力流动将重新诠释近代早期英格兰的君臣秩序与政权转型。
●
相关链接 在五车中查询图书 在当当中查询图书 在豆瓣中查询图书


正题名:女王之死     索取号:K561.3/1         预约/预借

序号 登录号 条形码 馆藏地/架位号 状态 备注
1 2000901485   2000901485   第三书库/ [索取号:K561.3/1] 在馆    
2 2000901486   2000901486   第三书库/ [索取号:K561.3/1] 在馆    
3 2000901487   2000901487   第三书库/ [索取号:K561.3/1] 在馆    
山东省滨州职业学院图书馆 欢迎您!
大连网信软件有限公司© 版权所有